000 00765cam0a220025300 4500
001 zam00002551
008 951128s1983 xx eng u
035 _a(Sirsi) r19904
035 _a(MACHINE)SLC.
100 _aHurford, J. R.
_6A81009.1
245 1 0 _aSemantics.
260 _c1983.
949 _aP325
_wlcc
_i33729000113030
_mMAIN
_p2500
_tSHORTLOAN
_lSHORTLOAN
949 _aP325
_wlcc
_i-18111
_mMAIN
_tBOOK
_lON-SHELF
949 _aP325
_wlcc
_i-18112
_mMAIN
_tBOOK
_lON-SHELF
004 19904
591 _aClass code: E 310.
591 _aCourse: Advanced English grammar.
591 _aSchool: S05.
591 _aLecturer: Mr. HIRST, S.B.
591 _aNumber of Students: 96.
900 _2MAIN
_8P325
_9HUR
_c3
909 _aBook
999 _c170358
_d170358